| LEADER | 00429cam a2200133 7i4500 | ||
|---|---|---|---|
| 001 | 0000020691 | ||
| 005 | 20090115090000.0 | ||
| 090 | 0 | 0 | |a T 382.7 |b DEP[CAND] |
| 245 | 0 | 0 | |a Departmental consolidation of the costom tariff 2008 : |b Canada : |b Canada : |b chapter 41 to chapter 73. |
| 260 | 0 | 0 | |a [S.l]: |b [s.n], |c 2008. |
| 300 | # | # | |a [v.p]. |
| 650 | 0 | 0 | |a Tariff -- |z Canada |
| 651 | 0 | 0 | |a Canada |
| 999 | |a 0000021965 |b Book |c Tariffs |e Business Information Centre | ||